| 000 | 00606nam a22001697a 4500 | ||
|---|---|---|---|
| 005 | 20251108175212.0 | ||
| 008 | 250721s1989 xx 000 0 ara d | ||
| 082 | 1 | 4 | _a323.0956/اعلا |
| 100 | 1 |
_aالانسان، النظمة العربية لحقوق _eناشر |
|
| 245 | 1 | 0 | _aالاعلان العالمي لحقوق الانسان واحوال الوطن العربي / |
| 264 | 1 |
_aبيروت _ لبنان : _bدار المستقبل العربي، _c1989. |
|
| 300 | _a174ص. | ||
| 650 | 1 | 7 | _aحقوق الانسان |
| 650 | 1 | 7 | _aالوطن العربي |
| 942 |
_2ddc _cBK |
||
| 999 |
_c128561 _d128561 |
||